<?xml version="1.0" encoding="UTF-8"?><?xml-stylesheet type="text/xsl" href="static/style.xsl"?><OAI-PMH xmlns="http://www.openarchives.org/OAI/2.0/" xmlns:xsi="http://www.w3.org/2001/XMLSchema-instance" xsi:schemaLocation="http://www.openarchives.org/OAI/2.0/ http://www.openarchives.org/OAI/2.0/OAI-PMH.xsd"><responseDate>2026-04-13T12:35:28Z</responseDate><request verb="GetRecord" identifier="oai:www.recercat.cat:2099/16473" metadataPrefix="marc">https://recercat.cat/oai/request</request><GetRecord><record><header><identifier>oai:recercat.cat:2099/16473</identifier><datestamp>2026-01-23T02:55:36Z</datestamp><setSpec>com_2072_1033</setSpec><setSpec>col_2072_452949</setSpec></header><metadata><record xmlns="http://www.loc.gov/MARC21/slim" xmlns:dcterms="http://purl.org/dc/terms/" xmlns:xsi="http://www.w3.org/2001/XMLSchema-instance" xmlns:doc="http://www.lyncode.com/xoai" xsi:schemaLocation="http://www.loc.gov/MARC21/slim http://www.loc.gov/standards/marcxml/schema/MARC21slim.xsd">
   <leader>00925njm 22002777a 4500</leader>
   <datafield ind2=" " ind1=" " tag="042">
      <subfield code="a">dc</subfield>
   </datafield>
   <datafield ind2=" " ind1=" " tag="720">
      <subfield code="a">Barresi, Alessandra</subfield>
      <subfield code="e">author</subfield>
   </datafield>
   <datafield ind2=" " ind1=" " tag="260">
      <subfield code="c">2014-09</subfield>
   </datafield>
   <datafield ind2=" " ind1=" " tag="520">
      <subfield code="a">Il presente contributo, in una prima riflessione, sottolinea come il turismo sostenibile costituisca&#xd;
l’occasione per uno sviluppo sostenibile del territorio, soprattutto nei Paesi come il nostro, ricco&#xd;
di un’incomparabile patrimonio storico, culturale e naturale.&#xd;
Da queste considerazioni discende il principale obbiettivo del contributo, ovvero sottolineare&#xd;
l’importanza di una corretta valorizzazione del patrimonio locale per lo sviluppo di un turismo&#xd;
sostenibile,attraverso l’uso dello strumento della pianificazione strategica.&#xd;
Una breve conclusione finale si sofferma su quanto si sta facendo, anche dal punto di vista&#xd;
legislativo, in Sicilia sull’argomento.</subfield>
   </datafield>
   <datafield ind2=" " ind1=" " tag="520">
      <subfield code="a">The present contribution articulates in a first reflection that underlines as the sustainable tourism&#xd;
constitutes the occasion for a sustainable development of the territory, especially in the&#xd;
Countries as ours, rich of an incomparable historical, cultural and natural patrimony. From this&#xd;
consideration it comes down the principal objective of the contribution, or, to underline the&#xd;
importance of a correct valorization of the local patrimony for the development of a sustainable&#xd;
tourism, to effect through the use of the tool of the strategic planning. A brief conclusive mention&#xd;
comes, finally, turned to how much legislated in subject of tourism in Sicily.</subfield>
   </datafield>
   <datafield ind2=" " ind1=" " tag="520">
      <subfield code="a">Peer Reviewed</subfield>
   </datafield>
   <datafield tag="653" ind2=" " ind1=" ">
      <subfield code="a">Àrees temàtiques de la UPC::Desenvolupament humà i sostenible::Desenvolupament sostenible</subfield>
   </datafield>
   <datafield tag="653" ind2=" " ind1=" ">
      <subfield code="a">Àrees temàtiques de la UPC::Urbanisme::Aspectes socials</subfield>
   </datafield>
   <datafield tag="653" ind2=" " ind1=" ">
      <subfield code="a">Tourist trade and city planning -- Italy -- Sicily</subfield>
   </datafield>
   <datafield tag="653" ind2=" " ind1=" ">
      <subfield code="a">Ecotourism -- Italy -- Sicily</subfield>
   </datafield>
   <datafield tag="653" ind2=" " ind1=" ">
      <subfield code="a">Turismo sostenibile</subfield>
   </datafield>
   <datafield tag="653" ind2=" " ind1=" ">
      <subfield code="a">Sviluppo sostenibile</subfield>
   </datafield>
   <datafield tag="653" ind2=" " ind1=" ">
      <subfield code="a">Pianificazione strategica</subfield>
   </datafield>
   <datafield tag="653" ind2=" " ind1=" ">
      <subfield code="a">Distretti turistici</subfield>
   </datafield>
   <datafield tag="653" ind2=" " ind1=" ">
      <subfield code="a">Turisme i urbanisme -- Itàlia -- Sicília</subfield>
   </datafield>
   <datafield tag="653" ind2=" " ind1=" ">
      <subfield code="a">Ecoturisme -- Itàlia -- Sicília</subfield>
   </datafield>
   <datafield ind2="0" ind1="0" tag="245">
      <subfield code="a">Turismo sostenibile come fattore di sviluppo locale</subfield>
   </datafield>
</record></metadata></record></GetRecord></OAI-PMH>